Statistics for Countries with most Paralympic Olympic Summer medals

Click here to take the quiz!

General Stats

  • This quiz has been taken 32 times
  • The average score is 9 of 10

Answer Stats

MedalsAnswer% Correct
1939USA
100%
947Canada
100%
921France
100%
794China
96%
1013Australia
93%
1557UK
89%
630Spain
89%
1323Germany
86%
652Netherlands
71%
626Poland
43%

Score Distribution

Percentile by Number Answered

Percent of People with Each Score

Your Score History

You have not taken this quiz